<?xml version="1.0" encoding="UTF-8"?>
<record
    xmlns:xsi="http://www.w3.org/2001/XMLSchema-instance"
    xsi:schemaLocation="http://www.loc.gov/MARC21/slim http://www.loc.gov/standards/marcxml/schema/MARC21slim.xsd"
    xmlns="http://www.loc.gov/MARC21/slim">

  <leader>00357nam a2200109   4500</leader>
  <controlfield tag="008">305.420.972.86 S562s  </controlfield>
  <datafield tag="082" ind1=" " ind2=" ">
    <subfield code="a">305.420.972.86 </subfield>
    <subfield code="b">S562s  </subfield>
  </datafield>
  <datafield tag="245" ind1=" " ind2=" ">
    <subfield code="a">&#xA1;S&#xED; estuvimos!</subfield>
    <subfield code="b">Mujeres en la historia</subfield>
  </datafield>
  <datafield tag="300" ind1=" " ind2=" ">
    <subfield code="a">7 p.</subfield>
    <subfield code="b">12.5 x 14 cm </subfield>
  </datafield>
  <datafield tag="650" ind1=" " ind2=" ">
    <subfield code="x">Mujeres</subfield>
    <subfield code="x">Costa Rica</subfield>
    <subfield code="x">siglo XX</subfield>
    <subfield code="x">historia</subfield>
    <subfield code="x">biograf&#xED;as</subfield>
    <subfield code="x">INAMU</subfield>
    <subfield code="9">6228</subfield>
  </datafield>
  <datafield tag="710" ind1=" " ind2=" ">
    <subfield code="a">Instituto Nacional de la Mujer</subfield>
    <subfield code="9">6229</subfield>
  </datafield>
  <datafield tag="999" ind1=" " ind2=" ">
    <subfield code="c">1420</subfield>
    <subfield code="d">1420</subfield>
  </datafield>
  <datafield tag="952" ind1=" " ind2=" ">
    <subfield code="0">0</subfield>
    <subfield code="1">0</subfield>
    <subfield code="2">ddc</subfield>
    <subfield code="4">0</subfield>
    <subfield code="7">0</subfield>
    <subfield code="a">LV</subfield>
    <subfield code="b">LV</subfield>
    <subfield code="c">Pensamiento</subfield>
    <subfield code="d">2018-04-14</subfield>
    <subfield code="l">0</subfield>
    <subfield code="o">305.420.972.86  S562s</subfield>
    <subfield code="r">2018-04-14 00:00:00</subfield>
    <subfield code="w">2018-04-14</subfield>
    <subfield code="y">01</subfield>
  </datafield>
</record>
